000 00717nam a2200217Ii 4500
003 JO-AjNU
008 230605s9999||||xx |||||||||||||| ||und||
017 _a1977/3805
020 _a977-246-909-X
040 _aJO-AjNU
_bara
_erda
_cJO-AjNU
041 _aara
050 1 4 _aDS6302 1977
100 3 _aالأسمر، فوزي؛ ترجمة عبدالله، صوفي ، ترجمة لوقا، نظمي,
_eauthor
_918693
245 0 0 _aعربي في اسرائيل
264 3 1 _aالقاهرة: دار المعارف، 1977
300 _a335ص
336 _atext
_btxt
_2rdacontent
337 _aunmediated
_bn
_2rdamedia
338 _avolume
_bnc
_2rdacarrier
650 4 _aالعرب واسرائيل- تاريخ
_918694
999 _aA6027
_c9595
_d9595